000
00341cam a2200145ua 4500
041
_a
eng
_h
082
_a
922.91
_b
GOS/FA
100
_a
Gosse, Edmund .
245
_a
Father and son /
_c
Edmund Gosse.
_h
Textual Documents
260
_a
London :
_b
Heinemann ,
_c
1961.
300
_a
311 ; .
504
_a
942
_c
BK
999
_c
6282
_d
6282